| 000 | 00964nam a2200253 u 4500 | ||
|---|---|---|---|
| 005 | 20240919064438.0 | ||
| 008 | 100212m20022009mx r 000 0 spa d | ||
| 020 | _a9684444370 (10 dígitos) | ||
| 020 | _a9786074429565 (13 dígitos) | ||
| 035 | _aUPN01000174705 | ||
| 049 | _aCG | ||
| 050 | 4 |
_aQA300 _bA7.5 2002 |
|
| 100 | 1 |
_aArya, Jagdish C., _d1937- _937843 |
|
| 245 | 1 | 0 |
_aMatemáticas aplicadas : _ba la administración y a la economía / _cJagdish C. Arya, Robin W. Lardner ; tr. Víctor Hugo Ibarra Mercado. |
| 250 | _a4a ed. | ||
| 260 |
_aMéxico : _bPearson Educación, _c2002 (2009 impr.). |
||
| 300 |
_axiv, 842 p. : _bgráfs., fórmulas |
||
| 534 |
_pTítulo original: _tMathematical analysis for business, economics, and the life and social sciences |
||
| 650 | 7 |
_aAnálisis matemático _2 _9513 |
|
| 650 | 4 |
_aEconomía matemática _914138 |
|
| 650 | 4 |
_aMATEMATICAS COMERCIALES _925657 |
|
| 700 | 1 |
_aLardner, Robin W., _ecoaut. |
|
| 905 | _aLibro | ||
| 999 |
_c146809 _d146809 |
||